Score 0/20 Timer 02:00
0 Plays Today
Question Answer Wrong Answers
What word completes this sentence? '___ doing fine with this quiz.' Your
86.9%
You're
11.1%
What South American country has Portuguese as an official language? Paraguay
85.7%
Brazil
10.7%
What is the final letter of the Greek alphabet? Omicron
82.9%
Omega
12.4%
Which symbol is known as an ampersand? #
82%
&
11.2%
Which language has the most native speakers worldwide? Spanish
82%
Mandarin
17.1%
From what language do the words futon, tycoon and judo originate? Korean
81.5%
Japanese
12.2%
What is the most common word in the English language? And
81.4%
The
18.6%
Which of these is an official language of the United Nations? Hindi
75.2%
Arabic
17.6%
'Fünf' is German for which number? Four
72.5%
Five
22.2%
Which word means 'to influence?' Effect
72.3%
Affect
20.2%
Which of these words is Spanish for 'Monday'? Martes
69.7%
Lunes
22.3%
'Brobdingnagian' is a synonym for which word? Small
67.5%
Big
26.3%
Д is a letter in which alphabet? Greek
66.7%
Russian
23.7%
The word 'upon' is an example of which part of speech? Conjunction
61%
Preposition
21.3%
'Ananas' is the French word for which fruit? Banana
58.4%
Pineapple
31%
Which regional language in Spain is a Romance language? Basque
57.9%
Catalan
27.4%
In what direction does one read Hebrew? Left-to-right
56.7%
Right-to-left
21.9%
Which word is written as [θaɪ] in IPA? thy
45.1%
thigh
42.3%
What vowel can't be put into 'B_NG' to make an English word? I
40.1%
E
51.1%
What is the most common first spoken language in South Africa? Afrikaans
29.6%
Zulu
44.5%
Remove Ads.
Support Sporcle.
Get the best of Sporcle when you Go Orange. This ad-free experience offers more features, more stats, and more fun while also helping to support Sporcle. Thank you for becoming a member.

You're not logged in!

Compare scores with friends on all Sporcle quizzes.
OR
Log In

Show Comments

Extras

Top Quizzes Today


Score Distribution

Your Account Isn't Verified!

In order to create a playlist on Sporcle, you need to verify the email address you used during registration. Go to your Sporcle Settings to finish the process.

Report this User

Report this user for behavior that violates our Community Guidelines.

Details: